[Event "ch-RUS Boys U20"]
[Site "Vladimir RUS"]
[Date "2002.03.06"]
[Round "6"]
[White "Riazantsev,A"]
[Black "Panarin,M"]
[Result "1-0"]
[WhiteElo "2511"]
[BlackElo "2413"]

1.d4 Nf6 2.c4 e6 3.Nf3 b6 4.a3 Bb7 5.Nc3 d5 6.Bg5 Be7 7.Bxf6 Bxf6 8.cxd5 exd5
9.Qb3 O-O 10.Rd1 Re8 11.g3 c6 12.Bg2 Nd7 13.O-O g6 14.Rfe1 Qc7 15.Rc1 Qd8
16.e4 dxe4 17.Nxe4 Be7 18.Rcd1 Qc7 19.Qc4 Rac8 20.Bh3 h6 21.b4 Kg7 22.Qc3 f6
23.Nh4 f5 24.Bxf5 Bxh4 25.d5+ Qe5 26.Bxd7 Qxc3 27.Nxc3 Rxe1+ 28.Rxe1 Rc7
29.Bxc6 Bxc6 30.dxc6 Rxc6 31.Nb5 a6 32.Nd4 Rd6 33.Ne6+ Kf7 34.Nc7 Bg5 35.Nxa6 Rd3
36.h4 Bd2 37.Rd1 Rxa3 38.Rxd2 Rxa6 39.Rd6 h5 40.Kg2 Ra3 41.Rxb6 Rb3 42.b5 Kg7
43.Rb8 Kf7 44.b6 Kg7 45.Kf1 Rb2 46.Ke1 Kh7 47.Rb7+ Kg8 48.Kd1 Kf8 49.Kc1 Rb5
50.Kc2 Ke8 51.Kc3 Kd8 52.Rb8+ Kd7 53.b7 Kc7 54.Rg8 Kxb7 55.Rxg6 Rf5 56.f4 Ra5  1-0

[Event "Spring Festival"]
[Site "Budapest HUN"]
[Date "2002.03.21"]
[Round "7"]
[White "Czimer,J"]
[Black "Hudecz,V"]
[Result "1/2-1/2"]
[WhiteElo "2026"]
[BlackElo "2206"]

1.d4 Nf6 2.c4 e6 3.Nf3 b6 4.a3 Bb7 5.e3 d5 6.Nc3 Nbd7 7.b4 dxc4 8.Bxc4 c5
9.bxc5 bxc5 10.Qa4 Bxf3 11.gxf3 cxd4 12.exd4 Qc7 13.Ne4 Nxe4 14.fxe4 Rc8
15.Bb5 Qc3+ 16.Ke2 Qc2+ 17.Qxc2 Rxc2+ 18.Bd2 Rb2 19.Rhb1 Rxb1 20.Rxb1 Kd8
21.Bxd7 Kxd7 22.Rb7+ Kc6 23.Rxa7 f5 24.Ra8 g6 25.f3 Bg7 26.Rxh8 Bxh8 27.Kd3 Kb5
28.Bb4 fxe4+ 29.fxe4 g5 30.d5 exd5 31.exd5 Be5 32.h3 h5 33.Ke4 Bb2 34.Kf5 g4
35.hxg4 hxg4  1/2-1/2

[Event "13th Goodricke"]
[Site "Calcutta IND"]
[Date "2002.03.21"]
[Round "5"]
[White "Ravi,L"]
[Black "Ravi,T"]
[Result "1/2-1/2"]
[WhiteElo "2395"]
[BlackElo "2357"]

1.d4 Nf6 2.c4 e6 3.Nf3 b6 4.a3 Bb7 5.Nc3 d5 6.Bg5 Be7 7.Bxf6 Bxf6 8.cxd5 exd5
9.g3 O-O 10.Bg2 c5 11.O-O Nc6 12.dxc5 Bxc3 13.bxc3 bxc5 14.Ne1 Ne7 15.Nd3 Qa5
16.Qc1 Rfe8 17.c4 Rab8 18.cxd5 Bxd5 19.Qxc5 Rb5 20.Qe3 Bxg2 21.Kxg2 Qd8 22.Nf4 Ng6
23.Rfd1 Qb8 24.Qf3 Nxf4+ 25.gxf4 Rb2 26.e3 h6 27.Kh1 Rc8 28.Rac1 Rxc1 29.Rxc1 Rb1
30.Rxb1 Qxb1+ 31.Kg2 Qg6+ 32.Kh3 Qf5+ 33.Kg3 Qg6+ 34.Qg4 Qa6 35.a4 Qxa4 36.Qc8+ Kh7
37.Qf5+ Kg8 38.Qc8+  1/2-1/2

[Event "Masters"]
[Site "Pinamar ARG"]
[Date "2002.03.21"]
[Round "1"]
[White "Slipak,S"]
[Black "Zarnicki,P"]
[Result "1/2-1/2"]
[WhiteElo "2498"]
[BlackElo "2493"]

1.d4 Nf6 2.c4 e6 3.Nf3 b6 4.a3 Bb7 5.Nc3 d5 6.Bg5 Be7 7.Bxf6 Bxf6 8.cxd5 exd5
9.g3 O-O 10.Bg2 c5 11.O-O Na6 12.Qd2 Re8 13.Rad1 Rc8 14.Rfe1 Qe7 15.e3 Nc7
16.Qc2 cxd4 17.exd4 Qd6 18.Qb3  1/2-1/2

[Event "Spring Festival"]
[Site "Budapest HUN"]
[Date "2002.03.22"]
[Round "8"]
[White "Cooke,E"]
[Black "Nagy,Z"]
[Result "1-0"]
[WhiteElo "2195"]
[BlackElo "2246"]

1.d4 Nf6 2.c4 e6 3.Nf3 b6 4.a3 c5 5.d5 Ba6 6.Qc2 exd5 7.cxd5 g6 8.Nc3 Bg7
9.g3 O-O 10.Bg2 d6 11.O-O b5 12.b4 Nbd7 13.bxc5 Nxc5 14.Nd4 Qd7 15.Nc6 Bb7
16.e4 a6 17.h3 Rac8 18.Be3 Ne8 19.Rac1 Bxc6 20.dxc6 Qe6 21.e5 Bxe5 22.Rfe1 Nc7
23.Kh2 Bxc3 24.Qxc3 Nd5 25.Bxd5 Qxd5 26.Bh6 f6 27.Bxf8 Kxf8 28.c7 Qf7 29.Qd4 Qxc7
30.Rcd1 a5 31.Qxd6+ Qxd6 32.Rxd6  1-0

[Event "Suetin Mem"]
[Site "Tula RUS"]
[Date "2002.03.24"]
[Round "2"]
[White "Rychagov,A"]
[Black "Okrugin,S"]
[Result "1-0"]
[WhiteElo "2544"]
[BlackElo "2373"]

1.d4 Nf6 2.c4 e6 3.Nf3 b6 4.a3 Bb7 5.Nc3 Ne4 6.Nxe4 Bxe4 7.Bf4 d6 8.e3 Be7
9.Bd3 Bb7 10.e4 O-O 11.O-O c5 12.d5 Nd7 13.Qc2 e5 14.Be3 g6 15.Bh6 Re8 16.b4 Nf6
17.Rab1 Bc8 18.bxc5 bxc5 19.Bd2 Nh5 20.g3 Rf8 21.Ne1 f5 22.exf5 gxf5 23.Ng2 Ng7
24.Bc3 Bf6 25.Qa4 Qe7 26.Rfe1 h5 27.Nf4 Qd7 28.Qxd7 Bxd7 29.Ng2 Rfb8 30.f4 Rxb1
31.Rxb1 Ne8 32.fxe5 dxe5 33.Ne3 Nd6 34.Rf1 Bg5 35.Nxf5 Bxf5 36.Bxf5 Be3+
37.Kg2 Nxc4 38.Be6+ Kh7 39.Bf5+ Kg8 40.Bd3 Bd2 41.Bxc4 Bxc3 42.d6+ Kh8 43.Rf7 e4
44.d7 Rd8 45.Kh3 e3 46.Kh4 Kg8 47.Kxh5 e2 48.Kg6 e1=Q 49.Rf5+  1-0

[Event "ch-DEN"]
[Site "Greve DEN"]
[Date "2002.03.27"]
[Round "5"]
[White "Schandorff,L"]
[Black "Pedersen,NV"]
[Result "1/2-1/2"]
[WhiteElo "2545"]
[BlackElo "2441"]

1.d4 Nf6 2.c4 e6 3.Nf3 b6 4.a3 Bb7 5.Nc3 d5 6.cxd5 Nxd5 7.Qc2 Nxc3 8.bxc3 Qc8
9.e4 Nd7 10.Bf4 g6 11.Bd3 Bg7 12.O-O O-O 13.Qd2 c5 14.Rfe1 Ba6 15.Rac1 Re8
16.e5 Bxd3 17.Qxd3 Qc6 18.Ng5 Qd5 19.Qh3 h6 20.Ne4 cxd4  1/2-1/2

[Event "4th Rector Cup"]
[Site "Kharkov UKR"]
[Date "2002.03.27"]
[Round "7"]
[White "Eljanov,P"]
[Black "Gershon,A"]
[Result "1/2-1/2"]
[WhiteElo "2540"]
[BlackElo "2558"]

1.d4 Nf6 2.Nf3 e6 3.c4 b6 4.a3 Bb7 5.Nc3 d5 6.cxd5 Nxd5 7.e3 g6 8.Bb5+ c6
9.Ba4 Bg7 10.e4 Ne7 11.O-O O-O 12.Bg5 h6 13.Be3 Nd7 14.Qd2 Kh7 15.Rfd1 Rc8
16.Rac1 Ba8 17.Qe2 Nf6 18.h4 Qd7 19.Bf4 Qb7 20.Bd6 Rfd8 21.e5 Nfd5 22.Nxd5 Nxd5
23.h5 c5 24.Qe4 Qa6 25.hxg6+ Kh8 26.Bc2 Nc3 27.Qg4 Ne2+ 28.Kh1 Bxf3 29.gxf3 cxd4
30.gxf7 Qb7 31.Rg1 Nxg1 32.Rxg1 Qxf7 33.Bg6 Qg8 34.f4 Bf8 35.Qh5 Rd7 36.Be4 Qf7
37.Qh4 Bxd6 38.Qxh6+ Qh7 39.Bxh7 Rxh7 40.Qxh7+ Kxh7 41.exd6 Rd8 42.Kg2 Kg6
43.Kf3+ Kf5 44.Rg5+ Kf6 45.Ke4 Rxd6 46.Kd3 Rd7 47.Re5 Rd6 48.f3 Rd7 49.Rh5 Kg6
50.Rg5+ Kf6 51.a4 Rd6 52.b4 Rd8 53.Rh5 Kg6 54.Re5 Kf6 55.a5 bxa5 56.Rxa5 Rd7
57.Rh5 Rb7 58.b5 Rd7 59.Rc5 Rd6 60.Rc7 a6  1/2-1/2

[Event "Suetin Mem"]
[Site "Tula RUS"]
[Date "2002.03.27"]
[Round "5"]
[White "Bagirov,R"]
[Black "Alekseev,E"]
[Result "0-1"]
[WhiteElo "2471"]
[BlackElo "2552"]

1.d4 Nf6 2.c4 e6 3.Nf3 b6 4.a3 Ba6 5.Qc2 Bb7 6.Nc3 c5 7.e4 cxd4 8.Nxd4 Bc5
9.Nb3 Nc6 10.Bf4 O-O 11.O-O-O e5 12.Be3 Bxe3+ 13.fxe3 Rc8 14.Bd3 a6 15.Nd5 Na7
16.Kb1 d6 17.Qe2 b5 18.cxb5 Nxb5 19.Nxf6+ Qxf6 20.Na5 Ba8 21.Rhf1 Qg6 22.Rf5 Qe6
23.Ka1 Rc5 24.Bc4 d5 25.Ba2 Nd6 26.Nb3 Rc7 27.Rff1 Nxe4 28.Nd2 Nf6 29.e4 Rb8
30.exd5 Bxd5 31.Bxd5 Nxd5 32.Nf3 f6 33.Nd4 Qb6 34.Nf5 Nf4 35.Qd2 Rcb7 36.b4 Qe6
37.Ne3 a5 38.g3 Ng6 39.Qd5 Qxd5 40.Nxd5 axb4 41.Nxb4 Nf8 42.Kb2 Ne6 43.Rd6 Nd4
44.Rc1 Kf7 45.Rc5 Ra8 46.Rdd5 h5 47.Rc4 Ke6 48.Rcc5 Rbb8 49.Ra5 g5 50.Kc3 Kf5
51.Kd3 Kg4 52.Ke4 Nf3 53.Rxa8 Rxa8 54.Nc2 Nxh2 55.Ne3+ Kxg3 56.Nf5+ Kg4 57.Nh6+ Kh3
58.Rd3+ Kg2 59.Rd2+ Kg1 60.Rd1+ Nf1 61.Kf5 Rxa3 62.Kxf6 g4 63.Rd5 g3  0-1

[Event "Suetin Mem"]
[Site "Tula RUS"]
[Date "2002.03.27"]
[Round "5"]
[White "Burmakin,V"]
[Black "Dvalishvili,P"]
[Result "1-0"]
[WhiteElo "2564"]
[BlackElo "2374"]

1.d4 Nf6 2.Nf3 e6 3.c4 b6 4.a3 Bb7 5.Nc3 d5 6.cxd5 Nxd5 7.Bd2 Be7 8.Qc2 O-O
9.e4 Nxc3 10.Bxc3 Nd7 11.Rd1 Qc8 12.Bc4 Nf6 13.Bd3 Ba6 14.Ne5 Bxd3 15.Qxd3 c6
16.O-O Rd8 17.Qf3 Qb7 18.Rd3 c5 19.d5 exd5 20.exd5 Rxd5 21.Ng6 hxg6 22.Bxf6 Rd7
23.Rxd7 Qxf3 24.gxf3 Bxf6 25.b3 a5 26.a4 Rc8 27.Rc1 Be5 28.Rc4 g5 29.Re4 f6
30.h4 gxh4 31.f4 Bb2 32.f5 Bc1 33.f4 c4 34.bxc4  1-0

[Event "Economic Faculty"]
[Site "Subotica YUG"]
[Date "2002.03.28"]
[Round "3"]
[White "Genov,Peta"]
[Black "Bistric,F"]
[Result "1-0"]
[WhiteElo "2510"]
[BlackElo "2486"]

1.d4 Nf6 2.c4 e6 3.Nf3 b6 4.a3 c5 5.d5 Ba6 6.Qc2 exd5 7.cxd5 g6 8.Nc3 Bg7
9.g3 O-O 10.Bg2 d6 11.O-O b5 12.Re1 Nbd7 13.h3 Re8 14.Bf4 Qb6 15.e4 Nh5 16.Be3 Ne5
17.Nxe5 Bxe5 18.Qd2 Nf6 19.Ne2 Nd7 20.f4 Bg7 21.Kh2 Bb7 22.Rac1 a5 23.b4 axb4
24.axb4 Bf8 25.Nc3 Ba6 26.Rb1 Bg7 27.e5 Qb8 28.Ne4 dxe5 29.bxc5 Rd8 30.c6 Nf6
31.Nxf6+ Bxf6 32.Bc5  1-0

[Event "Open"]
[Site "Mar del Plata ARG"]
[Date "2002.03.29"]
[Round "8"]
[White "Abarca Aguirre,M"]
[Black "Giampa,A"]
[Result "1-0"]
[WhiteElo "2337"]
[BlackElo "2189"]

1.d4 Nf6 2.c4 e6 3.Nf3 b6 4.a3 Ba6 5.Nbd2 Bb7 6.g3 c5 7.dxc5 bxc5 8.Bg2 Nc6
9.O-O Be7 10.b3 d6 11.Bb2 O-O 12.Qc2 Qc7 13.Rfd1 Rab8 14.Rab1 Ba8 15.Bc3 a5
16.e3 h6 17.Bxf6 Bxf6 18.Ne4 Be7 19.Nc3 Na7 20.a4 Rfd8 21.Ne1 Bxg2 22.Nxg2 Qb7
23.Nf4 Nc6 24.Qe4 Ne5 25.Qxb7 Rxb7 26.Nb5 g5 27.Nd3 Nc6 28.Rbc1 Na7 29.Kg2 Re8
30.Rc2 Bf8 31.Nc1 Nc8 32.Ne2 f5 33.h3 Kh7 34.g4 Kg6 35.Ng3 Rf7 36.Rcd2 Rd8
37.f3 Rfd7 38.gxf5+ exf5 39.e4 fxe4 40.Nxe4 Rb7 41.Rd3 Kh5 42.Re1 Re7 43.Rd5 Rb7
44.Rh1  1-0

[Event "Suetin Mem"]
[Site "Tula RUS"]
[Date "2002.03.29"]
[Round "7"]
[White "Bagirov,R"]
[Black "Dvalishvili,P"]
[Result "0-1"]
[WhiteElo "2471"]
[BlackElo "2374"]

1.d4 Nf6 2.c4 e6 3.Nf3 b6 4.a3 Bb7 5.Nc3 d5 6.Bg5 dxc4 7.e4 Be7 8.Bxf6 Bxf6
9.Bxc4 O-O 10.e5 Be7 11.O-O Nd7 12.Re1 c6 13.Qe2 a6 14.Rad1 Qc7 15.h4 Rfd8
16.Qe4 Nf8 17.Qf4 Rd7 18.Ng5 Bxg5 19.Qxg5 c5 20.d5 exd5 21.Bxd5 h6 22.Qg4 Rad8
23.Qe4 Bxd5 24.Nxd5 Qb8 25.Rd3 Kh8 26.Red1 Qb7 27.R3d2 b5 28.g3 c4 29.a4 Ne6
30.axb5 axb5 31.Nc3 Qxe4 32.Nxe4 Rxd2 33.Rxd2 Rxd2 34.Nxd2 Nc5 35.Nf3 Nd3
36.Nd4 b4 37.b3 cxb3 38.Nxb3 Nxe5 39.f4 Ng4 40.Kg2 h5 41.Kf3 g6 42.Ke4 Kg7
43.Nd4 Kf6 44.Nb3 Nh6 45.Nc5 Nf5 46.Kf3 Ke7 47.Nb3 Kd6 48.g4 Nxh4+ 49.Kg3 hxg4  0-1

[Event "FIDE GP"]
[Site "Dubai UAE"]
[Date "2002.04.03"]
[Round "1.4"]
[White "Van Wely,L"]
[Black "Karpov,An"]
[Result "1/2-1/2"]
[WhiteElo "2697"]
[BlackElo "2693"]

1.d4 Nf6 2.c4 e6 3.Nf3 b6 4.a3 Bb7 5.Nc3 d5 6.Bg5 Be7 7.Qa4+ Qd7 8.Qc2 O-O
9.e3 h6 10.Bh4 dxc4 11.Bxc4 c5 12.Rd1 cxd4 13.Nxd4 Qc8 14.Ba2 Nc6 15.Nf3 Rd8
16.O-O Rxd1 17.Rxd1 Qe8 18.Bb1 Rd8 19.Rc1 g6 20.h3 Nd5 21.Bg3 Nxc3 22.Qxc3 Rc8
23.Qd2 Bf6 24.b4 Ne7 25.e4 Bg7 26.Rd1 Bc6 27.Bc2 Bb5 28.Ne5 Nc6 29.Ng4 h5
30.Ne3 Rd8 31.Qe1 Nd4 32.Kh2 Nxc2 33.Nxc2 Rxd1 34.Qxd1 Qd7 35.Qxd7 Bxd7 36.e5 g5
37.h4 gxh4 38.Bf4 f6 39.exf6 Bxf6 40.Bb8 a5 41.Bc7 axb4 42.axb4 Ba4 43.Ne3 Bd4
44.Kh3 Bxe3 45.fxe3 b5 46.Kxh4 Bd1 47.Kg5 Kf7  1/2-1/2

[Event "FSIMB April"]
[Site "Budapest HUN"]
[Date "2002.04.05"]
[Round "4"]
[White "Alfred,N"]
[Black "Nyysti,S"]
[Result "1-0"]
[WhiteElo "2246"]
[BlackElo "2242"]

1.d4 Nf6 2.c4 e6 3.Nf3 b6 4.a3 Ba6 5.Qc2 c5 6.d5 exd5 7.cxd5 g6 8.Nc3 Bg7
9.g3 O-O 10.Bg2 d6 11.O-O Nbd7 12.Re1 Qe7 13.Bf4 h6 14.h3 b5 15.e4 Ne5 16.Nxe5 dxe5
17.Be3 Rfc8 18.Qd2 Kh7 19.f4 Ne8 20.fxe5 Qxe5 21.Qf2 Qe7 22.Rad1 b4 23.Na4 c4
24.Nc5 Bb5 25.a4 Bd7 26.d6 Nxd6 27.Nxd7 Qxd7 28.Bf4 Qxa4 29.Bxd6 Re8 30.e5 Rad8
31.Ra1 Qb3 32.Rxa7 c3 33.bxc3 Qxc3 34.Rc7 Qb3 35.Rxf7 Kg8 36.Rf1  1-0

[Event "Open"]
[Site "Geneva SUI"]
[Date "2002.04.06"]
[Round "5"]
[White "Lamoureux,C"]
[Black "Sokolov,And"]
[Result "0-1"]
[WhiteElo "2386"]
[BlackElo "2614"]

1.d4 Nf6 2.c4 e6 3.Nf3 b6 4.a3 Bb7 5.Nc3 d5 6.cxd5 Nxd5 7.Bd2 Nf6 8.Bg5 Be7
9.Qa4+ Nbd7 10.Ne5 O-O 11.Bxf6 Nxf6 12.e3 c5 13.dxc5 Bxc5 14.Be2 Bxg2 15.Rg1 Bb7
16.Qh4 g6 17.Rd1 Nd5 18.Qg3 Bd6 19.Ne4 f6 20.Nxd6 Qxd6 21.Nxg6 Qxg3 22.Rxg3 hxg6
23.Rxg6+ Kf7 24.Bh5 Rh8 25.Rh6+ Ke7  0-1

[Event "ch-MGL"]
[Site "Ulaanbaatar MGL"]
[Date "2002.04.06"]
[Round "7"]
[White "Sharavdorj,D"]
[Black "Hatanbaatar,B"]
[Result "1/2-1/2"]
[WhiteElo "2425"]
[BlackElo "2453"]

1.d4 Nf6 2.c4 e6 3.Nf3 b6 4.a3 Bb7 5.Nc3 d5 6.cxd5 Nxd5 7.Qc2 Nxc3 8.bxc3 Be7
9.e4 O-O 10.Bd3 c5 11.O-O Qc8 12.Qa2 Nd7 13.Qe2 Qc7 14.Re1 Rfe8 15.Bb2 Rac8
16.e5 Nf8 17.Qe3 Qb8 18.Ng5 cxd4 19.cxd4 Qc7 20.Rad1 Qd7 21.Qf4 Bxg5 22.Qxg5 Qa4
23.Qg3 Bd5 24.h4 Qb3  1/2-1/2

[Event "TCh-CZE 2001-2"]
[Site "CZE"]
[Date "2002.04.07"]
[Round "11"]
[White "Voloshin,L"]
[Black "Neverov,V"]
[Result "1/2-1/2"]
[WhiteElo "2437"]
[BlackElo "2578"]

1.d4 Nf6 2.Nf3 e6 3.c4 b6 4.a3 Bb7 5.Nc3 g6 6.Bg5 Bg7 7.e4 h6 8.Bxf6 Qxf6
9.Bd3 O-O 10.O-O d6 11.Re1 Nd7 12.Qc2 c5 13.d5 Ne5 14.Nxe5 Qxe5 15.Re2 Rfe8
16.a4 Rab8 17.Rd1 a6 18.Red2 h5 19.Bf1  1/2-1/2

[Event "Golden Cleopatra"]
[Site "Cairo EGY"]
[Date "2002.04.10"]
[Round "4"]
[White "Kaabi,M"]
[Black "Abdel Fadil,M"]
[Result "1/2-1/2"]
[WhiteElo "2352"]
[BlackElo "2182"]

1.d4 Nf6 2.c4 e6 3.Nf3 b6 4.a3 Bb7 5.Nc3 d5 6.cxd5 exd5 7.g3 Be7 8.Qa4+ c6
9.Bg2 O-O 10.O-O a5 11.Bf4 Na6 12.Rfd1 b5 13.Qc2 Rc8 14.Bh3 Ra8 15.Ne5 Re8
16.Rac1 Nb8 17.a4 Qb6 18.axb5 cxb5 19.Qb3 Bb4 20.Na2 Bd6 21.Nc3 Bb4 22.Be3 Ra7
23.Bg2 Bxc3 24.Qxc3 Na6 25.Bd2 b4 26.Qf3 Ba8 27.Bf4 a4 28.Ra1 Nb8 29.g4 Nc6
30.Nxc6 Bxc6 31.g5 Ne4 32.h4  1/2-1/2

[Event "III Open"]
[Site "Dos Hermanas ESP"]
[Date "2002.04.11"]
[Round "7"]
[White "Rustemov,A"]
[Black "Lalic,B"]
[Result "1/2-1/2"]
[WhiteElo "2607"]
[BlackElo "2523"]

1.d4 Nf6 2.Nf3 e6 3.c4 b6 4.a3 Ba6 5.Qc2 Bb7 6.Nc3 c5 7.dxc5 bxc5 8.Bf4 Nh5
9.Bd2 Be7 10.e3 Nc6 11.Bd3 Nf6 12.O-O-O Qc7 13.Ne4 Nxe4 14.Bxe4 f5 15.Bd3 Bf6
16.Bc3 Ne5 17.Nxe5 Bxe5 18.f4 Bxc3 19.Qxc3 O-O 20.Rd2 Rad8 21.Rhd1 d5 22.Bc2 dxc4
23.Qxc4 Bd5 24.Qc3 Qe7 25.g3 Rb8 26.h3 Qf6 27.Qxf6 Rxf6 28.g4 g6 29.Rg1 Kf8
30.h4 Bf3 31.gxf5 exf5 32.Rg3 Bh5 33.Rd7 Rf7 34.Rxf7+ Kxf7 35.Bd3 Kf6 36.Kc2 h6
37.Kc3 Bg4 38.Bc2 g5 39.hxg5+ hxg5 40.fxg5+ Kxg5 41.Rg2 Kh4 42.Rf2 Kg5 43.Rf4 Re8
44.Kd2 Rd8+ 45.Bd3 Rb8 46.b4 cxb4 47.axb4 Rh8 48.Rf2 Rf8 49.Rf4 Rh8 50.Rf1 Rf8
51.Ra1 Rf7 52.Ra5 Kh4 53.Rd5 Kg3 54.Kc3 f4 55.exf4 Kxf4 56.Rd4+ Kg5 57.Bc4 Rf3+
58.Kb2 Rf4 59.Rd5+ Kf6 60.Rc5 Be6 61.Bxe6 Kxe6 62.Kb3 Rf5 63.Rc6+ Kd7  1/2-1/2

[Event "FSGMB April"]
[Site "Budapest HUN"]
[Date "2002.04.13"]
[Round "12"]
[White "Farago,I"]
[Black "Kustar,S"]
[Result "1-0"]
[WhiteElo "2506"]
[BlackElo "2388"]

1.d4 Nf6 2.c4 e6 3.Nf3 b6 4.a3 Bb7 5.Nc3 d5 6.cxd5 Nxd5 7.Qc2 Be7 8.e4 Nxc3
9.bxc3 Nd7 10.Bd3 c5 11.O-O cxd4 12.cxd4 Rc8 13.Qe2 O-O 14.Bb2 Qc7 15.Rad1 Qf4
16.Rfe1 Rfd8 17.Bb1 a6 18.d5 exd5 19.exd5 Bf6 20.Bc1 Qg4 21.Bxh7+ Kh8 22.Bb1 Bc3
23.Ng5 Qxe2 24.Rxe2 Kg8 25.Ba2 Bf6 26.h4 Ne5 27.d6 Rd7 28.Bf4 Ng6 29.Bg3 Nf8
30.Rde1 Rc5 31.Nxf7 Rxf7 32.Bxf7+ Kxf7 33.Re7+ Bxe7 34.Rxe7+ Kf6 35.Rxb7 Rb5
36.d7 Ne6 37.Bc7 Ke7 38.Bxb6 Kd6 39.a4 Rb1+ 40.Kh2 Kc6 41.Rb8 Kxd7 42.a5 Rb4
43.g3 g5 44.hxg5 Nxg5 45.Ra8 Kc6 46.Rxa6 Kd5 47.Kg2  1-0

[Event "City-ch w"]
[Site "St-Petersburg RUS"]
[Date "2002.04.16"]
[Round "1"]
[White "Razuvajeva,J"]
[Black "Aseeva,M"]
[Result "1/2-1/2"]
[WhiteElo "2173"]
[BlackElo "2091"]

1.d4 Nf6 2.c4 e6 3.Nf3 b6 4.a3 Bb7 5.Nc3 Be7 6.Qc2 d5 7.cxd5 exd5 8.Bf4 c6
9.e3 Nbd7 10.Bd3 h6 11.Rc1 a5 12.h3 O-O 13.O-O b5 14.Rfd1 b4 15.Nb1 c5 16.dxc5 Nxc5
17.Bb5 Qb6 18.Nd4 Nfe4 19.Qe2 Nd6 20.Nd2 Nxb5 21.Qxb5 Qxb5 22.Nxb5 Nd3 23.Rc7 Ba6
24.Rxe7 Bxb5 25.axb4 Nxf4 26.exf4 axb4 27.Nf3 Bc4 28.Ne5 Rfe8 29.Rb7 Rab8  1/2-1/2

[Event "Classics IMB"]
[Site "Gausdal NOR"]
[Date "2002.04.17"]
[Round "8"]
[White "Nordahl,H"]
[Black "Unander,M"]
[Result "1-0"]
[WhiteElo "2277"]
[BlackElo "2210"]

1.d4 Nf6 2.c4 e6 3.Nf3 b6 4.a3 Bb7 5.Nc3 d5 6.cxd5 exd5 7.Bf4 Be7 8.Rc1 c6
9.e3 O-O 10.Be2 Nbd7 11.b4 a5 12.Qb3 Re8 13.h3 Nf8 14.O-O Ng6 15.Bh2 axb4
16.axb4 Bd6 17.Bxd6 Qxd6 18.Rfd1 b5 19.Ra1 Nd7 20.Ne1 f5 21.Nd3 Kh8 22.Bh5 Rf8
23.f4 Ne7 24.Ne2 Ng8 25.Nc5 Ngf6 26.Nxb7 Qc7 27.Rxa8 Rxa8 28.Na5 Nxh5 29.Rc1 Nb6
30.Rxc6 Qd8 31.Qd3 Nc4 32.Nxc4 bxc4 33.Qxf5 Qe8 34.Re6 Qc8 35.Qxd5 Nf6 36.Qc6 Qd8
37.Qxc4 Ra1+ 38.Kf2 h5 39.Qc6 h4 40.b5 Qa5 41.Qc8+ Kh7 42.Qc2+ Kh8 43.Nc3 Qa3
44.Ra6 Rc1 45.Rxa3 Rxc2+ 46.Kf3 Rc1 47.Rb3  1-0

[Event "Classics GM"]
[Site "Gausdal NOR"]
[Date "2002.04.18"]
[Round "9"]
[White "Tjomsland,S"]
[Black "Arkell,K"]
[Result "0-1"]
[WhiteElo "2274"]
[BlackElo "2463"]

1.d4 Nf6 2.Nf3 e6 3.c4 b6 4.a3 Ba6 5.Qa4 Bb7 6.Nc3 Be7 7.Bg5 O-O 8.e3 c5
9.dxc5 bxc5 10.Be2 Ne4 11.Nxe4 Bxe4 12.Bxe7 Qxe7 13.O-O a5 14.Rfd1 Bc6 15.Qc2 a4
16.Rd2 e5 17.Rad1 Na6 18.Qc3 f6 19.Ne1 Nc7 20.Bf3 e4 21.Bg4 f5 22.Be2 Rfb8
23.Rb1 Rb3 24.Qc1 Rab8 25.g3 g5 26.Bd1 R3b6 27.b3 axb3 28.Rdb2 Ba4 29.Qc3 Qf6
30.Qa5 Qc6 31.Qc3 Ne8 32.Ng2 Qe6 33.Qa5 Qc6 34.h4 h6 35.Kh2 Nf6 36.Qc3 Kf7
37.Qe5 Qe6 38.Qxc5 Kg6 39.Qa5 Ra6 40.Qc3 Ng4+ 41.Bxg4 fxg4 42.Rd1 Rc8 43.Rd4 Rac6
44.Qd2 d6 45.c5 dxc5 46.Rxa4 c4 47.h5+ Kxh5 48.Qc3 Qf6 49.Ra5 Kg6 50.Rxb3 cxb3
51.Qxb3 Qxf2  0-1

[Event "City-ch w"]
[Site "St-Petersburg RUS"]
[Date "2002.04.20"]
[Round "5"]
[White "Razuvajeva,J"]
[Black "Epstein,A"]
[Result "1-0"]
[WhiteElo "2173"]
[BlackElo "2108"]

1.d4 Nf6 2.c4 e6 3.Nf3 b6 4.a3 Bb7 5.Nc3 g6 6.Qd3 Bg7 7.e4 d6 8.Be2 O-O 9.O-O d5
10.cxd5 exd5 11.e5 Ne4 12.Qc2 Nxc3 13.bxc3 Nd7 14.Bg5 Qc8 15.h4 Re8 16.h5 Nf8
17.Rac1 Ne6 18.Be3 Qd7 19.g3 Rac8 20.Kg2 c5 21.Qd2 cxd4 22.cxd4 Rxc1 23.Rxc1 Rc8
24.hxg6 hxg6 25.Rh1 Qc6 26.Ng5 Qc3 27.Bg4 Qxd2 28.Bxd2 Rc2 29.Nxe6 Rxd2 30.Nxg7 Kxg7
31.Rd1 Ra2 32.Rc1 Rd2 33.Rc7 Rxd4 34.Rxb7 Rxg4 35.f4 Kh6 36.Kf3  1-0

[Event "City-ch w"]
[Site "St-Petersburg RUS"]
[Date "2002.04.22"]
[Round "7"]
[White "Rakitskaja,M"]
[Black "Epstein,A"]
[Result "1-0"]
[WhiteElo "2170"]
[BlackElo "2108"]

1.d4 Nf6 2.c4 e6 3.Nf3 b6 4.a3 Bb7 5.Nc3 g6 6.d5 exd5 7.cxd5 c6 8.e4 cxd5
9.exd5 Qe7+ 10.Be2 Bg7 11.O-O O-O 12.Re1 Qd8 13.Bg5 Re8 14.Qd2 Na6 15.Bc4 Qc7
16.Ba2 Rxe1+ 17.Rxe1 Re8 18.d6 Rxe1+ 19.Nxe1 Qc5 20.Qf4 Nd5 21.Qe4 Bxc3 22.bxc3 Qxc3
23.Bh6 Nf6 24.Bxf7+ Kh8 25.Qe7 Bd5 26.Qf8+  1-0

[Event "TCh-NOR Finals"]
[Site "Oslo NOR"]
[Date "2002.05.08"]
[Round "1"]
[White "Tjomsland,S"]
[Black "Ostenstad,B"]
[Result "0-1"]
[WhiteElo "2274"]
[BlackElo "2438"]

1.d4 Nf6 2.Nf3 e6 3.c4 b6 4.a3 Ba6 5.Qc2 Bb7 6.Nc3 c5 7.d5 exd5 8.cxd5 Nxd5
9.Qe4+ Qe7 10.Ne5 Qe6 11.g4 Na6 12.Bg2 Nac7 13.Nc4 Rb8 14.Qxe6+ dxe6 15.Ne4 Rd8
16.Ng3 Be7 17.e4 Nf6 18.g5 Nd7 19.Bf4 Nb5 20.O-O O-O 21.Rfd1 Nd4 22.Bc7 Rc8
23.Bd6 Rce8 24.f4 Ba6 25.Bxe7 Rxe7 26.Ne3 f6 27.f5 fxg5 28.fxe6 Rxe6 29.Nef5 Ne5
30.Nxd4 cxd4 31.Rxd4 Bb7 32.Rc1 g6 33.Rdd1 h5 34.Ne2 Ref6 35.Nd4 R8f7 36.Nb5 Ba6
37.Nc7 Bc4 38.Nd5 Rf2 39.Ne3 Bb3 40.Rd8+ Rf8 41.Rxf8+ Rxf8 42.Rc3 Be6 43.Nd5 Kg7
44.Nc7 Bd7 45.h3 Rf6 46.Nd5 Rc6 47.Bf1 Rxc3 48.Nxc3 g4 49.hxg4 Nxg4 50.b4 Ne5
51.a4 g5 52.Kf2 Kf6 53.a5 bxa5 54.bxa5 Ke6 55.Be2 h4 56.Nd5 Bc6 57.Nc3 Kd6
58.Ke3 Kc5 59.Nd1 g4 60.Kf4 g3 61.Ne3 Ng6+ 62.Kf3 Kd4 63.Nf5+ Ke5 64.Nxh4 Nxh4+
65.Kxg3 Ng6 66.Kf3 Kd4 67.Ba6 Bxe4+ 68.Ke2 Bd3+  0-1

[Event "Dutch Team Playoffs"]
[Site "Enschede NED"]
[Date "2002.05.09"]
[Round "1"]
[White "Tkachiev,V"]
[Black "Erwich,M"]
[Result "0-1"]
[WhiteElo "2633"]
[BlackElo "2302"]

1.d4 Nf6 2.c4 e6 3.Nf3 b6 4.a3 Bb7 5.Nc3 d5 6.cxd5 Nxd5 7.Qc2 Be7 8.e4 Nxc3
9.bxc3 O-O 10.Bd3 c5 11.O-O Nc6 12.d5 exd5 13.exd5 Qxd5 14.Bxh7+ Kh8 15.Rd1 Qh5
16.Be4 Rad8 17.Bf4 Qg4 18.g3 Bf6 19.Rxd8 Rxd8 20.Re1 Na5 21.Bxb7 Nxb7 22.Kg2 Qd7
23.Be5 Bxe5 24.Rxe5 Kg8 25.Qe4 Nd6 26.Qf4 f6 27.Re3 Qf5 28.Qa4 Qd7 29.Qa6 Nf5
30.Re1 Qc6 31.Qc4+ Qd5 32.Qe2 Nh6 33.h3 Nf7 34.c4 Qc6 35.Qe7 Qd7 36.Qe2 Qc6
37.Kg1 a6 38.Rb1 Rb8 39.h4 b5 40.cxb5 axb5 41.h5 c4 42.Qe3 Re8 43.Nd4 Qd7
44.Qc3 Ng5 45.Nxb5 Qd5 46.Nc7 Nf3+ 47.Kh1 Qe4 48.Rc1 Nh4+ 49.f3 Nxf3 50.Qc2 Qc6
51.Qg2 Re5 52.g4 Qe4 53.Qg3 Ne1+ 54.Kg1 Qd4+ 55.Kh1 Re2  0-1

[Event "3rd Open"]
[Site "Backa Palanka YUG"]
[Date "2002.05.10"]
[Round "9"]
[White "Ardeleanu,A"]
[Black "Savic,Miod1"]
[Result "0-1"]
[WhiteElo "2344"]
[BlackElo "2498"]

1.d4 Nf6 2.Nf3 e6 3.c4 b6 4.a3 Bb7 5.Nc3 d5 6.Bg5 Be7 7.e3 O-O 8.cxd5 exd5
9.Bd3 Nbd7 10.O-O Ne4 11.Bxe7 Qxe7 12.Rc1 c6 13.Nd2 f5 14.Re1 Qh4 15.g3 Qg5
16.f4 Qh6 17.Nf3 Rae8 18.Bf1 Ndf6 19.Nxe4 Nxe4 20.b4 Qd6 21.Ne5 Re6 22.Bg2 Nf6
23.Qb3 Nd7 24.Rc3 Nxe5 25.fxe5 Qd7 26.Rec1 Ba6 27.a4 Bc4 28.Rxc4 dxc4 29.Qxc4 Kh8
30.Bxc6 Qe7 31.b5 Rh6 32.Bf3 g5 33.Qc3 f4 34.exf4 gxf4 35.g4 Qh4 36.Rc2 Rg6
37.Rg2 h5 38.gxh5 Rxg2+ 39.Bxg2 Qxh5 40.Qf3 Qf5 41.Qe4 Qh5 42.Bf3 Rg8+ 43.Kh1 Qh3
44.Bg2 Qe3 45.Qxe3 fxe3 46.Bf3 Rd8 47.e6 Rd6 48.Kg2 Rxe6 49.Kf1 Kg7 50.Ke2 Kf6
51.h4 Kf5 52.d5 Rh6 53.Kxe3 Rxh4 54.d6 Ke6 55.a5 bxa5 56.d7 Kxd7 57.Kd2 a4
58.Kc2 Rb4  0-1

[Event "Elekes Mem IM"]
[Site "Budapest HUN"]
[Date "2002.05.20"]
[Round "3"]
[White "Galyas,M"]
[Black "Balogh,V"]
[Result "1/2-1/2"]
[WhiteElo "2391"]
[BlackElo "2236"]

1.d4 Nf6 2.c4 e6 3.Nf3 b6 4.a3 Ba6 5.Qb3 d5 6.cxd5 exd5 7.Bg5 Be7 8.Nc3 c6
9.Bxf6 Bxf6 10.e4 Bxf1 11.Rxf1 dxe4 12.Nxe4 O-O 13.O-O-O Nd7 14.Ne5 Bxe5
15.dxe5 Qe7 16.f4 Nc5 17.Nxc5 Qxc5+ 18.Kb1 Qe7 19.Rd6 Rac8 20.Rfd1 Rc7 21.Qg3 h5
22.f5 h4 23.Qf4 Re8 24.e6 Qf6 25.Rd7 Rxd7 26.exd7 Rd8 27.Rd6 g5 28.Rxf6 gxf4
29.Rxc6 Rxd7  1/2-1/2

[Event "Elekes Mem IM"]
[Site "Budapest HUN"]
[Date "2002.05.21"]
[Round "4"]
[White "Galyas,M"]
[Black "Petran,Pa"]
[Result "1-0"]
[WhiteElo "2391"]
[BlackElo "2368"]

1.d4 Nf6 2.c4 e6 3.Nf3 b6 4.a3 Ba6 5.Qc2 Bb7 6.Nc3 c5 7.e4 cxd4 8.Nxd4 Bc5
9.Nb3 Nc6 10.Bg5 Nd4 11.Nxd4 Bxd4 12.Nb5 Be5 13.f4 Bb8 14.e5 h6 15.Bxf6 gxf6
16.Nd6+ Bxd6 17.exd6 Rc8 18.O-O-O b5 19.f5 e5 20.Qc3 Qb6 21.Be2 bxc4 22.Bf3 Bxf3
23.gxf3 Qb3 24.Rhg1 Kf8 25.Qxb3 cxb3+ 26.Kb1 Rg8 27.Rxg8+ Kxg8 28.Rc1 Rb8
29.Rc7 Rb5 30.Rxd7 Rd5 31.Kc1 a5 32.a4 Kg7 33.Ra7 Rxd6 34.Rxa5 Rd3 35.Rb5 Rxf3
36.a5 Rxf5 37.Rxb3 e4 38.a6  1-0